Paesi più Grandi del Pakistan - Statistics

Statistiche generali
  • Questo quiz è stato fatto 52 volte
  • Il punteggio medio è 30 su 34
Statistiche sulle risposte
Superficie Paese % Corretto
2,381,741 Algeria
100%
2,780,400 Argentina
100%
7,741,220 Australia
100%
8,514,877 Brasile
100%
9,984,670 Canada
100%
9,596,961 Cina
100%
17,098,242 Russia
100%
9,826,675 Stati Uniti
100%
1,001,450 Egitto
97%
3,287,263 India
97%
2,724,900 Kazakistan
97%
1,759,540 Libia
97%
1,964,375 Messico
97%
1,904,569 Indonesia
93%
2,344,858 Rep. Dem. del Congo
93%
1,246,700 Angola
90%
2,149,690 Arabia Saudita
90%
1,564,116 Mongolia
90%
1,267,000 Niger
90%
923,768 Nigeria
90%
1,219,090 Sudafrica
90%
1,138,910 Colombia
86%
1,648,195 Iran
86%
1,104,300 Etiopia
83%
824,292 Namibia
83%
1,285,216 Perù
83%
1,240,192 Mali
79%
1,861,484 Sudan
79%
912,050 Venezuela
79%
1,284,000 Ciad
72%
1,030,700 Mauritania
72%
1,098,581 Bolivia
69%
799,380 Mozambico
66%
947,300 Tanzania
66%
Nessun quiz corrispondente trovato
Distribuzione punteggi
Percentuale di utenti per punteggio
Percentile per numero di risposta
I tuoi punteggi nel tempo
Non hai fatto questo quiz